000 00645nam a2200277Ia 4500
005 20260324142404.0
008 008 260324s9999 xx 000 0 eng d
020 _a9781315849089
037 _aEBOOK
040 _aCRL
040 _beng
040 _cCRL
041 _2eng
041 _aeng
084 _qCRL
100 _aEwan McKendrick
_91201324
245 0 _aForce Majeure and Frustration of Contract
260 _bTaylor and Francis
260 _c1995
365 _a
365 _b300
856 _uhttp://www.taylorfrancis.com/books/9781315849089
942 _cEBOOK
999 _c1815898
_d1815898